[Event "Bratto op 21st"]
[Site "Bratto"]
[Date "2001.08.30"]
[Round "9"]
[White "Rossi, Giampiero"]
[Black "Valori, Vincenzo"]
[Result "1-0"]
[WhiteElo "2119"]
[BlackElo "2056"]
[PlyCount "93"]
[EventDate "2001.08.22"]
[EventType "swiss"]
[EventRounds "9"]
[EventCountry "ITA"]
[SourceTitle "EXT 2002"]
[Source "ChessBase"]
[SourceDate "2001.11.25"]
[SourceVersion "1"]
[SourceVersionDate "2001.11.25"]
[SourceQuality "1"]

1. d4 Nf6 2. c4 e5 3. dxe5 Ng4 4. Nf3 Bc5 5. e3 Nc6 6. Nc3 0-0 7. Be2 Re8 8. 0-0 Ngxe5 9. Nxe5 Nxe5 10. b3 a5 11. Bb2 Ra6 12. Qd5 Qe7 13. Ne4 Ba7 14. Bxe5 Qxe5 15. Qxe5 Rxe5 16. Ng3 Rd6 17. Rad1 Rxd1 18. Rxd1 d6 19. Bf3 Bc5 20. h3 b6 21. Ne2 Bd7 22. Nf4 g5 23. Nd5 Kg7 24. Nxc7 f5 25. Nd5 Be6 26. Nc3 Bd7 27. Ne2 Kg6 28. Nc1 g4 29. Nd3 Re7 30. hxg4 fxg4 31. Nxc5 dxc5 32. Rd6+ Kg5 33. Be2 a4 34. g3 axb3 35. axb3 h5 36. Bd3 Be8 37. Rxb6 h4 38. gxh4+ Kxh4 39. Rh6+ Kg5 40. Rd6 Bf7 41. Kg2 Kh4 42. Rh6+ Kg5 43. Rc6 Re5 44. Kg3 Be6 45. Be2 Bf5 46. Bxg4 Bxg4 47. f4+ 1-0

[Event "Bratto op 21st"]
[Site "Bratto"]
[Date "2001.08.27"]
[Round "6"]
[White "Schaefer, Michael"]
[Black "Valori, Vincenzo"]
[Result "1-0"]
[WhiteElo "2240"]
[BlackElo "2056"]
[PlyCount "93"]
[EventDate "2001.08.22"]
[EventType "swiss"]
[EventRounds "9"]
[EventCountry "ITA"]
[SourceTitle "EXT 2002"]
[Source "ChessBase"]
[SourceDate "2001.11.25"]
[SourceVersion "1"]
[SourceVersionDate "2001.11.25"]
[SourceQuality "1"]

1. d4 Nf6 2. Nf3 g6 3. c4 Bg7 4. Nc3 0-0 5. Bf4 d6 6. h3 Nbd7 7. e3 c6 8. Be2 Qa5 9. 0-0 e5 10. Bh2 Re8 11. Rb1 Nf8 12. b4 Qd8 13. dxe5 dxe5 14. Qxd8 Rxd8 15. Bxe5 Bf5 16. Rbd1 Bc2 17. Rxd8 Rxd8 18. Nd4 N8d7 19. Bc7 Rc8 20. Bh2 Ne4 21. Nxe4 Bxe4 22. f3 c5 23. Nb5 Bc2 24. Rc1 Ba4 25. Nd6 Rb8 26. Bd1 Bb2 27. Rb1 Bxd1 28. Rxb2 cxb4 29. Rxb4 b6 30. Rb2 Ba4 31. Rd2 f6 32. Nb5 Rb7 33. Nc3 Nc5 34. Bd6 Rd7 35. Kf2 Bc6 36. Ke2 Nb7 37. Bb4 Rxd2+ 38. Kxd2 Kf7 39. Kd3 a6 40. Kd4 b5 41. cxb5 axb5 42. e4 Ke6 43. Ne2 g5 44. Be1 f5 45. exf5+ Kxf5 46. Kc3 h5 47. Nd4+ 1-0

[Event "Bratto op 21st"]
[Site "Bratto"]
[Date "2001.08.26"]
[Round "5"]
[White "Valori, Vincenzo"]
[Black "Battaggia, Piergiorgio"]
[Result "1/2-1/2"]
[WhiteElo "2056"]
[BlackElo "2114"]
[PlyCount "109"]
[EventDate "2001.08.22"]
[EventType "swiss"]
[EventRounds "9"]
[EventCountry "ITA"]
[SourceTitle "EXT 2002"]
[Source "ChessBase"]
[SourceDate "2001.11.25"]
[SourceVersion "1"]
[SourceVersionDate "2001.11.25"]
[SourceQuality "1"]

1. e4 c5 2. Nc3 Nc6 3. f4 g6 4. Nf3 Bg7 5. Bc4 e6 6. 0-0 Nge7 7. d3 d6 8. Bb3 0-0 9. Qe1 Rb8 10. Qh4 Nd4 11. f5 Nxb3 12. axb3 Nc6 13. Bg5 f6 14. fxg6 hxg6 15. Bh6 a6 16. Ne2 e5 17. g4 Qe7 18. g5 f5 19. exf5 Bxf5 20. Ng3 Bxh6 21. Qxh6 Qh7 22. Nxf5 Rxf5 23. Nh4 Qxh6 24. gxh6 Rh5 25. Ng2 Rf8 26. Ne3 Rxh6 27. Ng4 Rh4 28. Nf6+ Kg7 29. Ne4 Rd8 30. Rf2 Ne7 31. Raf1 Rg4+ 32. Kh1 Nf5 33. Ng3 Rxg3 34. Rxf5 gxf5 35. hxg3 Kg6 36. Kg2 Rh8 37. Ra1 Re8 38. Ra4 Ra8 39. c3 b5 40. Ra5 Kf6 41. Kf3 Ke6 42. c4 bxc4 43. bxc4 Rb8 44. Rxa6 Rxb2 45. Ra3 Rb6 46. Rc3 d5 47. cxd5+ Kxd5 48. Ke3 Rg6 49. Kf3 Kd4 50. Rc4+ Kxd3 51. Rxc5 e4+ 52. Kf4 Rg4+ 53. Kxf5 Rxg3 54. Rd5+ Ke3 55. Ra5 1/2-1/2